Estadios Inglaterra 24/25 - Estadísticas

Estadísticas generales
  • Esta prueba ha sido intentada 44 veces
  • La puntuación promedio es 13 de 92
Estadísticas de respuestas
Hint Respuesta % Correcto
Liverpool Anfield
90%
Arsenal Emirates Stadium
90%
Manchester United Old Trafford
88%
Manchester City Etihad Stadium
86%
Aston Villa Villa Park
86%
Chelsea Stamford Bridge
81%
Newcastle St. James Park
52%
Everton Goodison Park
50%
Exeter City St James Park
50%
West Ham London Stadium
48%
Leicester King Power Stadium
45%
Fulham Craven Cottage
43%
Tottenham Tottenham Hotspur Stadium
43%
Bournemouth Vitality Stadium
40%
Wolves Molineux Stadium
36%
Sunderland Stadium of Light
29%
Crystal Palace Selhurst Park
26%
Southampton St Mary's Stadium
21%
Leeds United Elland Road
19%
Burnley Turf Moor
19%
Norwich City Carrow Road
17%
Sheffield United Bramall Lane
14%
Ipswich Town Portman Road
14%
Nottingham Forest The City Ground
14%
West Bromwich Albion The Hawthorns
14%
Watford Vicarage Road
14%
Blackburn Rovers Ewood Park
12%
Brentford Gtech Community Stadium
12%
Queen Park Rangers Loftus Road
12%
Middlesbrough Riverside Stadium
12%
Millwall The Den
12%
Stoke City bet365 Stadium
10%
Cardiff City Cardiff City Stadium
10%
Portsmouth Fratton Park
10%
Sheffield Wednesday Hillsborough Stadium
10%
Luton Town Kenilworth Road
10%
Hull City MKM Stadium
10%
Milton Keynes Dons Stadium MK
10%
Birmingham City St Andrews
10%
Blackpool Bloomfield Road
5%
Coventry City Coventry Building Society Arena
5%
Mansfield Town Field Mill
5%
Oxford United Kassam Stadium
5%
Huddersfield Town Kirklees Stadium
5%
Shrewsbury Town New Meadow
5%
Charlton Athletic The Valley
5%
Bradford City Valley Parade
5%
Wycombe Wanderers Adams Park
2%
Brighton American Express Community Stadium
2%
Bristol City Ashton Gate Stadium
2%
Carlisle United Brunton Park
2%
Swindon Town County Ground
2%
Preston North End Deepdale
2%
Plymouth Argyle Home Park
2%
Peterborough United London Road Stadium
2%
Reading Madejski Stadium
2%
Notts County Meadow Lane
2%
Bristol Rovers Memorial Stadium
2%
Rotherham United New York Stadium
2%
Barnsley Oakwell
2%
Wrexham Racecourse Ground
2%
Lincoln City Sincil Bank
2%
Swansea City Swansea.com Stadium
2%
Bolton Wanderers Toughsheet Community Stadium
2%
Port Vale Vale Park
2%
Cambridge United Abbey Stadium
0%
Walsall Bescot Stadium
0%
Grimsby Town Blundell Park
0%
Wigan Athletic Brick Community Stadium
0%
Leyton Orient Brisbane Road
0%
Crawley Town Broadfield Stadium
0%
Stevenage Broadhall Way
0%
Colchester United Colchester Community Stadium
0%
Accrington Stanley Crown Ground
0%
Doncaster Rovers Eco-Power Stadium
0%
Stockport County Edgeley Park
0%
Crewe Alexandra Gresty Road
0%
Bromley Hayes Lane
0%
Fleetwood Town Highbury Stadium
0%
Barrow Holker Street
0%
Morecambe Mazuma Mobile Stadium
0%
Salford City Moor Lane
0%
Burton Albion Pirelli Stadium
0%
Wimbledon Plough Lane
0%
Tranmere Rovers Prenton Park
0%
Derby County Pride Park Stadium
0%
Gillingham Priestfield Stadium
0%
Newport County Rodney Parade
0%
Northampton Town Sixfields Stadium
0%
Chesterfield SMH Group Stadium
0%
Harrogate Town Wetherby Road
0%
Cheltenham Town Whaddon Road
0%
No se encontraron pruebas coincidentes
Distribución de puntuación
Porcentaje de gente con cada puntuación
Porcentaje por número respondido
Historial de tus puntuaciones
No has intentado esta prueba.